LOTRO Classes and specs - Statistics

General Stats
  • This quiz has been taken 16 times
  • The average score is 3 of 30
Answer Stats
Class Trait Tree % Correct
Captain Leader of Men
45%
Champion The Berserker
45%
Hunter Trapper of Foes
27%
Rune-Keeper Benediction of Peace
18%
Captain Hands of Healing
18%
Hunter Huntsman
18%
Beorning The Claw
18%
Beorning The Hide
18%
Beorning The Roar
18%
Minstrel The Warrior-Skald
18%
Warden Assailment
9%
Hunter Bowmaster
9%
Rune-Keeper Cleansing Flame
9%
Captain Lead the Charge
9%
Rune-Keeper Solitary Thunder
9%
Guardian The Defender of the Free
9%
Guardian The Fighter of Shadow
9%
Burglar The Gambler
9%
Guardian The Keen Blade
9%
Champion The Martial Champion
9%
Warden Determination
0%
Lore-Master Keeper of Animals
0%
Lore-Master Master of Nature's Fury
0%
Warden Recklessness
0%
Lore-Master The Ancient Master
0%
Champion The Deadly Storm
0%
Burglar The Mischief-Maker
0%
Minstrel The Protector of Song
0%
Burglar The Quiet Knife
0%
Minstrel The Watcher of Resolve
0%
No matching quizzes found
Score Distribution
Percent of People with Each Score
Percentile by Number Answered
Your Score History
You have not taken this quiz